Statistics for San Antonio Spurs Nicknames

Click here to take the quiz!

General Stats

  • This quiz has been taken 177 times
    (37 since last reset)
  • The average score is 6 of 9

Answer Stats

NicknameTenurePlayer% Correct
The Big Fundamental1997–2016Tim Duncan
100%
The Admiral1989–2003David Robinson
94%
The Claw2012–2018Kawhi Leonard
92%
The Worm1993–1995Dennis Rodman
86%
The Iceman1973–1985George Gervin
81%
Big Shot Bob2003–2008Robert Horry
64%
The A-Train1982–1987Artis Gilmore
42%
The Red Rocket2006–2016Matt Bonner
28%
Big Body2019–Keldon Johnson
17%

Score Distribution

Percentile by Number Answered

Percent of People with Each Score

Your Score History

You have not taken this quiz since the last reset